[Event "Wch U14 Girls"]
[Site "Montesilvano"]
[Date "2023.11.23"]
[Round "10"]
[White "Blauhut, Anna"]
[Black "Namala, Dhanvi"]
[Result "1-0"]
[WhiteElo "1640"]
[BlackElo "1388"]
[PlyCount "63"]
[EventDate "2023.11.13"]
[EventType "swiss"]
[EventRounds "11"]
[EventCountry "ITA"]
[SourceTitle "CB48_2023"]
[SourceDate "2023.11.29"]
[SourceVersion "1"]
[SourceVersionDate "2023.11.29"]
[SourceQuality "1"]

1. e4 e6 2. b3 Nf6 3. Nc3 d5 4. e5 Nfd7 5. f4 b6 6. Nf3 Bb7 7. Bb2 Be7 8. Qe2 a6 9. g4 c5 10. Bg2 Nc6 11. 0-0-0 b5 12. Rdf1 Qb6 13. f5 c4 14. Nxd5 exd5 15. f6 cxb3 16. axb3 Rc8 17. fxg7 Rg8 18. e6 Nc5 19. exf7+ Kxf7 20. Nh4+ Ke8 21. Bxd5 Nd4 22. Bf7+ Kd8 23. Bxd4 Nxb3+ 24. Bxb3 Qxd4 25. Qxe7+ Kxe7 26. Nf5+ Kd8 27. Nxd4 Bxh1 28. Rf8+ Ke7 29. Nf5+ Kd7 30. Bxg8 Rc5 31. Be6+ Kxe6 32. g8Q+ 1-0

[Event "Wch U14 Girls"]
[Site "Montesilvano"]
[Date "2023.11.15"]
[Round "3"]
[White "Namala, Dhanvi"]
[Black "Briem, Gudrun Fanney"]
[Result "0-1"]
[WhiteElo "1388"]
[BlackElo "1692"]
[PlyCount "80"]
[EventDate "2023.11.13"]
[EventType "swiss"]
[EventRounds "11"]
[EventCountry "ITA"]
[SourceTitle "CB48_2023"]
[SourceDate "2023.11.29"]
[SourceVersion "1"]
[SourceVersionDate "2023.11.29"]
[SourceQuality "1"]

1. e4 c6 2. d4 d5 3. e5 Bf5 4. h4 h6 5. g4 Bd7 6. Bd3 e6 7. h5 c5 8. c3 Nc6 9. Ne2 Qb6 10. Bc2 0-0-0 11. a4 Be7 12. Na3 a6 13. Rb1 cxd4 14. cxd4 Bb4+ 15. Kf1 Nge7 16. Bd2 Kb8 17. Bc3 Rhf8 18. Bd3 f6 19. Bxb4 Nxb4 20. Rh3 fxe5 21. Nc2 Nec6 22. Nxb4 Nxb4 23. Ra1 a5 24. Ra3 e4 25. Bb1 e5 26. Rhg3 Rf7 27. Rg2 Rdf8 28. Rag3 Rf3 29. Ng1 Rxg3 30. Rxg3 exd4 31. Kg2 d3 32. Nh3 Qd4 33. b3 Qb2 34. Kh2 d4 35. Kh1 Bc6 36. Kg1 Qe2 37. Qf1 Bd5 38. Rg2 Rc8 39. f4 Qxf1+ 40. Kxf1 Rc1+ 0-1